| 000 | 00453nam a2200193Ia 4500 | ||
|---|---|---|---|
| 008 | 170918s9999 xx 000 0 und d | ||
| 020 | _a9781419722608 | ||
| 050 | _bK558 2015 | ||
| 100 | _aKinney, Jeff | ||
| 245 | _aOld school / | ||
| 245 | _cby Jeff Kinney. | ||
| 260 | _aNew York : | ||
| 260 | _bScholastic, | ||
| 260 | _c2015 | ||
| 300 | _a217 pages : | ||
| 300 | _billustrations ; | ||
| 300 | _c20cm. | ||
| 300 | _eDiary of a wimpy kid / | ||
| 999 |
_c344339 _d344339 |
||